Juegos en matemática egb 1 : el juego como recurso para aprender /
Guardado en:
| Autor Principal: | |
|---|---|
| Otros Autores: | , |
| Formato: | Libro |
| Publicado: |
Buenos Aires :
Ministerio de Educación, Ciencia y Tecnología,
2004
|
| Materias: | |
| Etiquetas: |
Agregar Etiqueta
Sin Etiquetas, Sea el primero en etiquetar este registro!
|
| LEADER | 00853nam a22002295a 4500 | ||
|---|---|---|---|
| 001 | CEM.cems012317 | ||
| 005 | 20061011151338.0 | ||
| 008 | 130507s2004##################000#0#####d | ||
| 003 | CEMS | ||
| 020 | |a 9500004615 | ||
| 082 | 0 | 4 | |a 372.7 |
| 100 | 1 | |a Agrasar, Mónica | |
| 245 | 1 | 0 | |a Juegos en matemática egb 1 : |b el juego como recurso para aprender / |c Mónica Agrasar ; silvia Chara ; graciela Chemello |
| 260 | |a Buenos Aires : |b Ministerio de Educación, Ciencia y Tecnología, |c 2004 | ||
| 300 | |a s.p. | ||
| 505 | 0 | |a Material para alumnos | |
| 653 | |a Matemática | ||
| 653 | |a Matemática-recursos didácticos | ||
| 700 | 1 | |a Chara, Silvia | |
| 700 | 1 | |a Chemello, Graciela, coord. | |
| 859 | |a CEMS |b BIB. CEMS - 11 de abril |h 372.7 |i Ag81 |p 23558.06 |t Ej.1 |v 1º EGB |3 1º EGB | ||
| 859 | |a CEMS |b BIB. CEMS - 11 de abril |h 372.7 |i Ag81 |p 23601.06 |t Ej.2 |v 1º EGB |3 1º EGB | ||
